ბათუმის შოთა რუსთაველის სახელმწიფო უნივერსიტეტის ბიბლიოთეკა

აჭარული კილოს სალექსიკონო მასალები (ბიბ.ჩანაწერი № 51557)

000 -LEADER
fixed length control field 01414nam a2200265Ia 4500
001 - CONTROL NUMBER
control field 18548
003 - CONTROL NUMBER IDENTIFIER
control field GE_BSU
008 - FIXED-LENGTH DATA ELEMENTS--GENERAL INFORMATION
fixed length control field 181216s||||||||xx |||||||||||||| ||und||
020 ## - INTERNATIONAL STANDARD BOOK NUMBER
International Standard Book Number 9789941462252
040 ## - CATALOGING SOURCE
Transcribing agency GE_BSU
080 ## - UNIVERSAL DECIMAL CLASSIFICATION NUMBER
Universal Decimal Classification number 811.353.1'282(038)
100 ## - MAIN ENTRY--PERSONAL NAME
Personal name ნოღაიდელი,ჯემალ.
245 ## - TITLE STATEMENT
Title აჭარული კილოს სალექსიკონო მასალები
245 ## - TITLE STATEMENT
Remainder of title -XXს.30-50-იანი წლები
245 ## - TITLE STATEMENT
Statement of responsibility, etc. რედ:რომან მალაყმაძე
250 ## - EDITION STATEMENT
Edition statement ბათუმის შოთა რუსთაველის სახ.უნ-ტი, ნიკო ბერძენიშვილის ინ-ტი.
260 ## - PUBLICATION, DISTRIBUTION, ETC.
Place of publication, distribution, etc. ბათუმი.
260 ## - PUBLICATION, DISTRIBUTION, ETC.
Name of publisher, distributor, etc. უნ-ტის გამ-ბა,
260 ## - PUBLICATION, DISTRIBUTION, ETC.
Date of publication, distribution, etc. 2015
300 ## - PHYSICAL DESCRIPTION
Extent 355გვ;22სმ.
653 ## - INDEX TERM--UNCONTROLLED
Uncontrolled term აჭარული კილოს სალექსიკონო მასალები
653 ## - INDEX TERM--UNCONTROLLED
Uncontrolled term ეს მასალები მოიცავს XXს.30-50-იანი წლების აჭარის ისტორიის,ეთნოგრაფიულ,ფოლკლორულ,სამეურნეო თუ სოციალურ-ეკონომიკური მდგომარეობის ამსახველ ცნობებს.
942 ## - ADDED ENTRY ELEMENTS (KOHA)
Koha item type წიგნი
ეგზემპლარები
Withdrawn status Lost status Damaged status Not for loan Date acquired Barcode Date last seen Price effective from Koha item type
        2018-12-17 47967 2018-12-17 2018-12-17 წიგნი
        2018-12-17 47968 2018-12-17 2018-12-17 წიგნი
        2018-12-17 47969 2018-12-17 2018-12-17 წიგნი
        2018-12-17 47970 2018-12-17 2018-12-17 წიგნი
        2018-12-17 47971 2018-12-17 2018-12-17 წიგნი